|
|
|
|
| LEADER |
01756nam a2200493 a 4500 |
| 001 |
nkc20142616985 |
| 003 |
CZ PrNK |
| 005 |
20141003112920.0 |
| 007 |
ta |
| 008 |
140905s2014 xr ach e 000 0 cze |
| 015 |
|
|
|a cnb002616985
|
| 020 |
|
|
|a 978-80-260-6968-3
|q (v knize neuvedeno ;
|q brož.)
|
| 035 |
|
|
|a (OCoLC)894845460
|
| 040 |
|
|
|a OLA001
|b cze
|
| 043 |
|
|
|a e-xr---
|b e-xr-pl
|2 czenas
|
| 072 |
|
7 |
|a 908(437)
|x Vlastivěda Česka a Slovenska
|2 Konspekt
|9 8
|
| 080 |
|
|
|a 94(437.317)
|2 MRF
|
| 080 |
|
|
|a 908(437.317)
|2 MRF
|
| 080 |
|
|
|a (082)
|2 MRF
|
| 080 |
|
|
|a (048.8)
|2 MRF
|
| 100 |
1 |
|
|a Smolík, Luboš,
|d 1961-
|7 xx0002687
|4 aut
|
| 245 |
1 |
0 |
|a Chanovice v proměnách času /
|c Luboš Smolík, Petra Holá, Petr Klásek Černický a kolektiv
|
| 250 |
|
|
|a 1. vyd.
|
| 260 |
|
|
|a Chanovice :
|b Obec Chanovice,
|c 2014
|
| 300 |
|
|
|a 196 s. :
|b il. (některé barev.), portréty, faksim. ;
|c 21 cm
|
| 490 |
1 |
|
|a Obec Chanovice ;
|v sv. 15
|
| 500 |
|
|
|a Chronologický přehled
|
| 500 |
|
|
|a 500 výt.
|
| 504 |
|
|
|a Obsahuje bibliografie a bibliografické odkazy
|
| 651 |
|
7 |
|a Chanovice (Česko)
|7 ge128916
|x dějiny
|2 czenas
|
| 651 |
|
7 |
|a Chanovice (Česko)
|7 ge128916
|x vlastivěda
|2 czenas
|
| 651 |
|
9 |
|a Chanovice (Czechia)
|x history and geography
|2 eczenas
|
| 655 |
|
7 |
|a sborníky
|7 fd163935
|2 czenas
|
| 655 |
|
7 |
|a přehledy
|7 fd133202
|2 czenas
|
| 655 |
|
9 |
|a miscellanea
|2 eczenas
|
| 655 |
|
9 |
|a surveys
|2 eczenas
|
| 700 |
1 |
|
|a Holá, Petra
|7 ola2011653298
|4 aut
|
| 700 |
1 |
|
|a Klásek, Petr
|7 pna2007383945
|4 aut
|
| 830 |
|
0 |
|a Obec Chanovice
|0 s
|
| 910 |
2 |
|
|a BOA001
|b 2-1331.661
|
| 990 |
|
|
|a BK
|
| 995 |
|
|
|a 01
|
| 991 |
|
|
|b 201409
|c NOV
|e n
|
| 996 |
6 |
|
|b 2610604029
|c 2-1331.661
|l MZK
|r Sklad / do 1 hodiny
|n 0
|p p.v.
|w 001453689
|u 000010
|a 1
|e BOA001
|j MZK50
|s P
|